Books by 2016 Film Quiz Stats

Quiz not verified by Sporcle

Challenge
Share
Tweet
Score 0/20 Timer 05:00
0 Plays Today
% Correct
The Jungle Book
84.7%
The BFG
80%
The Legend of Tarzan
74.1%
Me Before You
60%
Fantastic Beasts and Where to Find Them
58.8%
Through the Looking Glass
57.6%
Pride and Prejudice and Zombies
55.3%
The Girl On the Train
49.4%
Allegiant
47.1%
The 5th Wave
36.5%
% Correct
Mike and Dave Need Wedding Dates
35.3%
Miss Peregrine's Home For Peculiar Children
34.1%
Inferno
32.9%
How to Be Single
28.2%
A Monster Calls
24.7%
The Choice
14.1%
The Light Between Oceans
10.6%
Miracles from Heaven
9.4%
American Pastoral
7.1%
Billy Lynn's Long Halftime Walk
4.7%

You're not logged in!

Compare scores with friends on all Sporcle quizzes.
Join for Free
OR
Log In

You Might Also Like...

Show Comments

Extras

Top Quizzes Today


Score Distribution

Your Account Isn't Verified!

In order to create a playlist on Sporcle, you need to verify the email address you used during registration. Go to your Sporcle Settings to finish the process.

Report this User

Report this user for behavior that violates our Community Guidelines.

Details: